000 00403nam a22001697a 4500
003 MPLRDC
005 20220104144024.0
008 210129b ||||| |||| 00| 0 eng d
082 _a448.6 DSY
100 _a董考义等著
245 _a999问写答--电子世界
_c
250 _a初版
260 _a
_b新蕾出版社
_c1991
300 _b
650 _a电子工程
942 _cBK
_o448.6 DSY
999 _c45618
_d45608